Statistiken für Nennen Sie ein gültiges Land, durch das der Fluss fließt

Klicken Sie hier um das Quiz zu spielen!

Allgemein

  • Dieses Quiz wurde 165 mal gespielt
  • Das Durchschnittsergebnis liegt bei 9 aus 14

Antwortstatistiken

FlussGültiges Land% Korrekt
AmazonasPeru | Kolumbien | Brasilien
99%
KongoDemokratische Republik Kongo | Angola | Republik Kongo
97%
IndusChina | Indien | Pakistan
86%
GangesIndien | Bangladesch
83%
Yukon RiverKanada | Vereinigte Staaten
79%
Weißer NilBurundi | Ruanda | Tansania | Uganda | Südsudan | Sudan
71%
EuphratTürkei | Syrien | Irak
70%
Schatt al-ArabIrak | Iran
64%
ParanáBrasilien | Paraguay | Argentinien
63%
AmurRussland | China
61%
Murray RiverAustralien
58%
TajoSpanien | Portugal
52%
DünaRussland | Belarus | Lettland
26%
SyrdarjaKasachstan | Usbekistan | Tadschikistan
19%

Verteilung der Resultate

Perzentil nach korrekt beantworteten Fragen

Anzahl Personen mit jedem Resultat

Ihre Resultats-Entwicklung

Sie haben dieses Quiz noch nicht gespielt